Logos de football (niveau 4) - Statistiques

Statistiques générales
  • Ce quiz a été pris 204 fois
  • Le résultat moyen est 19 sur 24
Statistiques - réponses
Par images Réponse % Correct
Strasbourg
97%
Stade rennais
96%
Saint Etienne
92%
Crystal Palace
91%
Hambourg
91%
Real Bétis
91%
Parme
85%
Feyenoord
84%
Fribourg
84%
Genoa
84%
Dinamo Zagreb
82%
Cagliari
81%
Malmo
80%
Nottingham Forest
79%
Espanyol
78%
Wolfsbourg
78%
Boca Juniors
77%
Standard de Liège
69%
CSKA Moscou
66%
Real Valladolid
65%
Panathinaïkos
62%
Sheffield United
60%
Corinthians
56%
RB Salzbourg
56%
Aucun quiz correspondant
Distribution des résultats
% des personnes avec chaque résultat
Percentile par nombre de réponses
Votre historique - résultats
Vous n’avez pas pris ce quiz